000
00319nam a2200121Ia 4500
008
170620s9999 xx 000 0 und d
100
_a
BECKETT-A.H.
245
0
_a
PRACTICAL PHARMACETUICAL CHEMISTRY PART 2
260
_b
CBS DELHI
260
_c
2005
300
_a
602
546
_a
English
690
_a
PRACTICAL PHARMACETUICAL CHEMISTRY PART 2
999
_c
30722
_d
30722